कालिदास की अमर कृतियाँ / (Record no. 120538)

MARC details
000 -LEADER
fixed length control field 01138nam a22002537a 4500
005 - DATE AND TIME OF LATEST TRANSACTION
control field 20170124103159.0
010 ## - LIBRARY OF CONGRESS CONTROL NUMBER
LC control number B-102638
020 ## - INTERNATIONAL STANDARD BOOK NUMBER
Terms of availability 175.00
International Standard Book Number 8170632013
035 ## - SYSTEM CONTROL NUMBER
System control number B-102638
037 ## - SOURCE OF ACQUISITION
Source of stock number/acquisition Cen Lib/Ret
040 ## - CATALOGING SOURCE
Original cataloging agency DPL
Language of cataloging HN
082 ## - DEWEY DECIMAL CLASSIFICATION NUMBER
Classification number 811.08
Item number शास्त्रीबी
100 ## - MAIN ENTRY--PERSONAL NAME
Personal name शास्त्री, बी. पी. भास्कर
9 (RLIN) 85536
245 ## - TITLE STATEMENT
Title कालिदास की अमर कृतियाँ /
Statement of responsibility, etc बी. पी. भास्कर शास्त्री
246 ## - VARYING FORM OF TITLE
Title proper/short title Kaalidas ki amar kritiyan /
Remainder of title by B. P. Bhaskar Shastri
260 ## - PUBLICATION, DISTRIBUTION, ETC. (IMPRINT)
Place of publication, distribution, etc नई दिल्ली
Name of publisher, distributor, etc आर्य बुक डिपो
Date of publication, distribution, etc 2003
270 ## - ADDRESS
Address 30, नाईवाला, करोल बाग
City नई दिल्ली
Postal code 110005
300 ## - PHYSICAL DESCRIPTION
Extent 308पृ.
Dimensions 21सेमी(असजिल्द)
650 ## - SUBJECT ADDED ENTRY--TOPICAL TERM
Topical term or geographic name as entry element साहित्य--काव्य
9 (RLIN) 90943
650 ## - SUBJECT ADDED ENTRY--TOPICAL TERM
Topical term or geographic name as entry element कालिदास के सिद्धांत
9 (RLIN) 90944
650 ## - SUBJECT ADDED ENTRY--TOPICAL TERM
Topical term or geographic name as entry element Literature--poetry
9 (RLIN) 90945
650 ## - SUBJECT ADDED ENTRY--TOPICAL TERM
Topical term or geographic name as entry element Kalidasa's theory
9 (RLIN) 90946
942 ## - ADDED ENTRY ELEMENTS (KOHA)
Source of classification or shelving scheme Dewey Decimal Classification
Koha item type Hindi Books
Classification part 811.08
Call number suffix शास्त्रीबी
Holdings
Withdrawn status Lost status Damaged status Not for loan Home library Current library Date acquired Source of acquisition Cost, normal purchase price Total Checkouts Total Renewals Full call number Barcode Date last seen Date checked out Copy number Cost, replacement price Price effective from Koha item type
        Central Library Central Library 23/09/2015 Cen Lib/Ret 175.00 2 1 811.08 शास्त्रीबी B-102638 20/07/2024 01/07/2024 1 175.00 23/09/2015 Hindi Books

© Delhi Public Library
Hit Counter
free hit counter